Data power in action : (Record no. 751232)

MARC details
000 -LEADER
fixed length control field 00390nam a22001217a 4500
020 ## - INTERNATIONAL STANDARD BOOK NUMBER
ISBN 9781529233544
082 ## - DEWEY DECIMAL CLASSIFICATION NUMBER
Classification number 306.44 SOD/D
245 ## - TITLE STATEMENT
Title Data power in action :
Sub Title urban data politics in times of crisis/
Statement of responsibility, etc edited by Ola Soderstrom and Ayona Datta
260 ## - PUBLICATION, DISTRIBUTION, ETC. (IMPRINT)
Place of publication . - Great Britain
Name of publisher : Bristol University press
Year of publication , 2024
300 ## - PHYSICAL DESCRIPTION
Number of Pages x+246 pages
942 ## - ADDED ENTRY ELEMENTS (KOHA)
Source of classification or shelving scheme Dewey Decimal Classification
Koha item type Book
Holdings
Withdrawn status Lost status Source of classification or shelving scheme Damaged status Not for loan Home Library Current Location Date acquired Full call number Accession Number Price effective from Koha item type
    Dewey Decimal Classification     Dept. of Political Science Dept. of Political Science 25/02/2025 306.44 SOD/D POL23755 10/09/2025 Book